书目信息 |
| 题名: |
香港环境与环境保护
|
|
| 作者: | 钱俊生 主编 | |
| 分册: | ||
| 出版信息: | 北京 中国环境科学出版社 1997 |
|
| 页数: | 360页 | |
| 开本: | 20cm | |
| 丛书名: | ||
| 单 册: | ||
| 中图分类: | X508.265.8 | |
| 科图分类: | ||
| 主题词: | 自然环境--香港 , 环境保护--香港 , 环境污染 , 环境污染--污染防治 | |
| 电子资源: | ||
| ISBN: | 7-80135-242-4 | |
| 000 | 00712nam0 2200253 45 | |
| 001 | 0198008178 | |
| 005 | 20031219104114.1 | |
| 010 | @a7-80135-242-4@dCNY25.00 | |
| 100 | @a19980204d1997 kemy0chiy0121 ea | |
| 101 | 0 | @achi |
| 102 | @aCN@b110000 | |
| 105 | @af z 000yy | |
| 106 | @ar | |
| 200 | 10 | @a香港环境与环境保护@Axiang gang huan jing yu huan jing bao hu@f钱俊生主编 |
| 210 | @a北京@c中国环境科学出版社@d1997 | |
| 215 | @a360页@c图@d20cm | |
| 606 | @a自然环境@y香港 | |
| 606 | @a环境保护@y香港 | |
| 606 | 0 | @a环境污染 |
| 606 | 0 | @a环境污染@x污染防治 |
| 690 | @aX508.265.8@v4 | |
| 701 | 0 | @a钱俊生@Aqian jun sheng@4主编 |
| 801 | @aCN@bTSTC@c20030909 | |
| 905 | @b324911-912@dX508.265.8@e20@f2 | |
| 香港环境与环境保护/钱俊生主编.-北京:中国环境科学出版社,1997 |
| 360页:图;20cm |
| ISBN 7-80135-242-4:CNY25.00 |
| ● |
| 相关链接 |
|
|
|
|
正题名:香港环境与环境保护
索取号:X508.265.8/20
 
预约/预借
| 序号 | 登录号 | 条形码 | 馆藏地/架位号 | 状态 | 备注 |
| 1 | 0324911 | 203249118 | 第三借阅区/ [索取号:X508.265.8/20] | 在馆 | |
| 2 | 0324912 | 203249127 | 第二样本阅览室/ [索取号:X508.265.8/20] | 在馆 |